Beyond appearances : (Record no. 122425)
[ view plain ]
| 000 -LEADER | |
|---|---|
| fixed length control field | 00861nam a22002537a 4500 |
| 003 - CONTROL NUMBER IDENTIFIER | |
| control field | dpl |
| 005 - DATE AND TIME OF LATEST TRANSACTION | |
| control field | 20180818121102.0 |
| 008 - FIXED-LENGTH DATA ELEMENTS--GENERAL INFORMATION | |
| fixed length control field | 180818b xxu||||| |||| 00| 0 eng d |
| 010 ## - LIBRARY OF CONGRESS CONTROL NUMBER | |
| LC control number | B-119526 |
| 020 ## - INTERNATIONAL STANDARD BOOK NUMBER | |
| International Standard Book Number | 0761997563 |
| Terms of availability | 850.00 |
| 035 ## - SYSTEM CONTROL NUMBER | |
| System control number | B-119527 |
| 037 ## - SOURCE OF ACQUISITION | |
| Source of stock number/acquisition | Cen Lib/Ret |
| 040 ## - CATALOGING SOURCE | |
| Original cataloging agency | DPL |
| Language of cataloging | EN |
| Transcribing agency | 0 |
| 082 ## - DEWEY DECIMAL CLASSIFICATION NUMBER | |
| Classification number | 700.4580954 |
| Item number | BEY |
| 245 ## - TITLE STATEMENT | |
| Title | Beyond appearances : |
| Remainder of title | visual practices and ideologies in modern India / |
| Statement of responsibility, etc | edited by Sumathi Ramaswamy |
| 260 ## - PUBLICATION, DISTRIBUTION, ETC. (IMPRINT) | |
| Place of publication, distribution, etc | New Delhi |
| Name of publisher, distributor, etc | Sage Publication India Pvt. Ltd |
| Date of publication, distribution, etc | 2003 |
| 270 ## - ADDRESS | |
| Address | B-42, Panscheel Enclave |
| City | New Delhi |
| Postal code | 110017 |
| 300 ## - PHYSICAL DESCRIPTION | |
| Extent | xiii, 666p. : |
| Other physical details | ill.col |
| Dimensions | 20cm(Hb) |
| 490 ## - SERIES STATEMENT | |
| Series statement | Contributions to indian sociology occasional studies |
| Volume number/sequential designation | no. 10 |
| 500 ## - GENERAL NOTE | |
| General note | Includes index |
| 650 ## - SUBJECT ADDED ENTRY--TOPICAL TERM | |
| Topical term or geographic name as entry element | Art |
| 9 (RLIN) | 30360 |
| 650 ## - SUBJECT ADDED ENTRY--TOPICAL TERM | |
| Topical term or geographic name as entry element | Nationalism and art |
| 9 (RLIN) | 105653 |
| 942 ## - ADDED ENTRY ELEMENTS (KOHA) | |
| Source of classification or shelving scheme | Dewey Decimal Classification |
| Koha item type | English Books |
| Classification part | 700.4580954 |
| Call number suffix | RAM |
| Withdrawn status | Lost status | Damaged status | Not for loan | Collection code | Home library | Current library | Date acquired | Source of acquisition | Cost, normal purchase price | Total Checkouts | Full call number | Barcode | Date last seen | Copy number | Cost, replacement price | Price effective from | Koha item type | Source of classification or shelving scheme | Date checked out |
|---|---|---|---|---|---|---|---|---|---|---|---|---|---|---|---|---|---|---|---|
| Not For Loan | Reference | Central Library | Central Library | 22/05/2015 | Cen Lib/Ret | 850.00 | 700.4580954 RAM | B-119526 | 22/05/2015 | 1 | 850.00 | 22/05/2015 | English Books | ||||||
| Non-fiction | Shahdara Branch | Shahdara Branch | 18/08/2018 | BPPD/PUB | 850.00 | 1 | 700.4580954 RAM | B-119527 | 27/08/2018 | 850.00 | 18/08/2018 | English Books | Dewey Decimal Classification | 18/08/2018 |
